[Event "Stockholm op"]
[Site "Stockholm"]
[Date "2014.06.01"]
[Round "9"]
[White "Ahonen, Markku Olavi"]
[Black "Larsson, Christer"]
[Result "1-0"]
[WhiteElo "1614"]
[BlackElo "1636"]
[PlyCount "76"]
[EventDate "2014.05.28"]
[EventType "swiss"]
[EventRounds "9"]
[EventCountry "SWE"]
[SourceTitle "CBM 160 Extra"]
[Source "ChessBase"]
[SourceDate "2014.07.01"]
[SourceVersion "1"]
[SourceVersionDate "2014.07.01"]
[SourceQuality "1"]

1. e4 e5 2. Nf3 Nc6 3. Bb5 Bc5 4. c3 Nge7 5. d3 0-0 6. 0-0 d6 7. Be3 Bb6 8. Bxb6 axb6 9. d4 Ng6 10. Bxc6 bxc6 11. dxe5 dxe5 12. g3 Qe7 13. Nbd2 f5 14. exf5 Rxf5 15. Ne4 Bb7 16. Qb3+ Kh8 17. Nfd2 Raf8 18. Qc2 c5 19. c4 Qe6 20. a4 Ne7 21. a5 Ra8 22. axb6 cxb6 23. Rxa8+ Bxa8 24. Ra1 Rf8 25. Ng5 Qg6 26. Qxg6 Nxg6 27. Ra7 h6 28. Ne6 Rg8 29. f3 Bc6 30. Kf2 Nf8 31. Re7 Ng6 32. Rc7 Ba8 33. Ra7 Kh7 34. Nxg7 Rxg7 35. Rxa8 Rb7 36. Ne4 Kg7 37. Ke2 Nf8 38. Nd6 Re7 1-0